| 000 | 00488nam a22001937a 4500 | ||
|---|---|---|---|
| 003 | OSt | ||
| 008 | 250212b |||||||| |||| 00| 0 eng d | ||
| 020 | _a9789390471874 | ||
| 082 | _a615.19 BOP | ||
| 100 | _aBoggula, Narender | ||
| 245 | _aPractical of Medicinal Chemistry | ||
| 250 | _aIst | ||
| 260 |
_aNew Delhi _bIntegrated Pub. _c2021 |
||
| 300 | _a70 | ||
| 650 | _aMedicinal Chemistry-III | ||
| 700 | _aMandhadi, Jitender Reddy | ||
| 700 | _aRacha, Umadevi | ||
| 942 |
_2ddc _cBK |
||
| 999 |
_c13085 _d13085 |
||